[Event "TUR-chT 2nd League"]
[Site "Denizli"]
[Date "2023.07.15"]
[Round "9.22"]
[White "Rzayev, Bahruz Iqbal Oglu"]
[Black "Ozates, Tuna"]
[Result "0-1"]
[WhiteElo "2331"]
[BlackElo "2251"]
[PlyCount "118"]
[EventDate "2023.07.09"]
[EventType "team-swiss"]
[EventRounds "9"]
[EventCountry "TUR"]
[SourceTitle "CBM 215 Extra"]
[Source "ChessBase"]
[SourceDate "2023.09.30"]
[SourceVersion "1"]
[SourceVersionDate "2023.09.30"]
[SourceQuality "1"]
[WhiteTeam "Yildiz"]
[BlackTeam "Izmir Apaydin"]
[WhiteTeamCountry "TUR"]
[BlackTeamCountry "TUR"]

1. d4 d5 2. c4 c6 3. Nc3 Nf6 4. Nf3 e6 5. Bg5 Nbd7 6. e3 Qa5 7. Nd2 Bb4 8. Qc2 dxc4 9. Bxf6 Nxf6 10. Nxc4 Qc7 11. Bd3 c5 12. 0-0 Bxc3 13. Qxc3 cxd4 14. Qa3 Qe7 15. Nd6+ Kd8 16. Bb5 Bd7 17. Nxb7+ Ke8 18. Bxd7+ Nxd7 19. Nd6+ Kf8 20. Rac1 Nb6 21. Rfd1 Kg8 22. Rxd4 h6 23. Qd3 g6 24. Nb5 Nd5 25. g3 Kg7 26. e4 Qg5 27. Rc5 Nf4 28. Qc4 Qg4 29. f3 Qxf3 30. gxf4 Qg4+ 31. Kf2 Qxf4+ 32. Ke1 Qxh2 33. Qc3 Kh7 34. Nc7 Rhd8 35. Rcc4 Rab8 36. b3 Qh4+ 37. Ke2 Rxd4 38. Rxd4 Rc8 39. Rd7 Qxe4+ 40. Kd2 Qf4+ 41. Kc2 h5 42. Qc6 h4 43. Qb7 Qf5+ 44. Kb2 Qe5+ 45. Kc2 Qf5+ 46. Kc3 Qc5+ 47. Kd3 Qf5+ 48. Kc4 Rf8 49. Qg2 g5 50. Nb5 Rc8+ 51. Kb4 Rb8 52. Rb7 h3 53. Qh1 Qf4+ 54. Ka3 Rxb7 55. Qxb7 h2 56. Qh1 g4 57. Nc3 g3 58. Ne2 Qd6+ 59. Ka4 Qa6+ 0-1

[Event "Cesme op-A 9th"]
[Site "Cesme"]
[Date "2023.06.20"]
[Round "3"]
[White "Korkmaz, Necmettin"]
[Black "Rzayev, Bahruz Iqbal Oglu"]
[Result "0-1"]
[WhiteElo "2091"]
[BlackElo "2330"]
[PlyCount "100"]
[EventDate "2023.06.19"]
[EventType "swiss"]
[EventRounds "9"]
[EventCountry "TUR"]
[SourceTitle "CBM 214 Extra"]
[Source "ChessBase"]
[SourceDate "2023.07.31"]
[SourceVersion "1"]
[SourceVersionDate "2023.07.31"]
[SourceQuality "1"]

1. e4 c5 2. Nf3 e6 3. g3 d6 4. Bg2 Nf6 5. Qe2 Nc6 6. 0-0 Be7 7. Rd1 0-0 8. d4 cxd4 9. Nxd4 e5 10. Nf5 Bxf5 11. exf5 Qc8 12. g4 Nd4 13. Rxd4 exd4 14. g5 Nd7 15. f6 gxf6 16. Be4 Ne5 17. f4 Qg4+ 18. Qxg4 Nxg4 19. h3 Ne3 20. Bxe3 dxe3 21. h4 fxg5 22. hxg5 f6 23. g6 hxg6 24. Bxg6 Kg7 25. Be4 f5 26. Bf3 Rac8 27. Nc3 Bf6 28. Bxb7 Rxc3 29. bxc3 Bxc3 30. Rb1 e2 31. Kf2 Re8 32. Re1 Bxe1+ 33. Kxe1 Kf6 34. Bf3 Re3 35. Bxe2 Re4 36. Kd2 Rxf4 37. Bb5 Ke5 38. a4 Rh4 39. c3 Rh2+ 40. Ke3 f4+ 41. Kd3 Rb2 42. c4 f3 43. Bc6 f2 44. Bg2 Rb3+ 45. Ke2 Kd4 46. Bf1 Rb2+ 47. Kf3 a5 48. Be2 Rxe2 49. Kxe2 Kxc4 50. Kxf2 Kb4 0-1

[Event "TUR-chT 2nd League"]
[Site "Konya"]
[Date "2022.08.24"]
[Round "4.1"]
[White "Saydaliev, Saidakbar"]
[Black "Rzayev, Bahruz Iqbal Oglu"]
[Result "1-0"]
[WhiteElo "2348"]
[BlackElo "2333"]
[PlyCount "79"]
[EventDate "2022.08.22"]
[EventType "team-swiss"]
[EventRounds "9"]
[EventCountry "TUR"]
[SourceTitle "CBM 210 Extra"]
[Source "ChessBase"]
[SourceDate "2022.11.30"]
[SourceVersion "1"]
[SourceVersionDate "2022.11.30"]
[SourceQuality "1"]
[WhiteTeam "Guzelbahce Altyapi"]
[BlackTeam "Pamukkale Yonetimi"]
[WhiteTeamCountry "TUR"]
[BlackTeamCountry "TUR"]

1. e4 c5 2. Nf3 a6 3. c3 e6 4. d4 d5 5. e5 Bd7 6. Be2 Nc6 7. 0-0 Rc8 8. a3 cxd4 9. cxd4 Nge7 10. b4 Nf5 11. Bb2 h5 12. Nbd2 g5 13. Nb3 g4 14. Ne1 Qg5 15. Bc1 Qg6 16. Bf4 h4 17. Rc1 g3 18. fxg3 hxg3 19. h3 Rh4 20. Bg4 Nce7 21. Rxc8+ Bxc8 22. Nf3 Rxg4 23. hxg4 Qxg4 24. Ng5 Qh4 25. Nh3 Nc6 26. Rf3 Bh6 27. Qd3 Bxf4 28. Rxf4 Qh5 29. Nc1 Bd7 30. Ne2 Nxe5 31. dxe5 Bb5 32. Rxf5 exf5 33. Nxg3 Qg4 34. Qf3 Qd4+ 35. Kh2 Bd7 36. Qf4 Qd3 37. Ng5 b6 38. Qh4 Be6 39. Nxe6 fxe6 40. Qf6 1-0

[Event "Titled Tuesday intern op 19th Oct"]
[Site "Chess.com INT"]
[Date "2021.10.19"]
[Round "4"]
[White "Rzayev, Bahruz Iqbal Oglu"]
[Black "Silva Lucena, Cristian"]
[Result "1/2-1/2"]
[WhiteElo "2333"]
[BlackElo "2258"]
[PlyCount "139"]
[EventDate "2021.10.19"]
[EventType "swiss (blitz)"]
[EventRounds "11"]
[EventCountry "USA"]
[SourceTitle "CBM 204 Extra"]
[Source "ChessBase"]
[SourceDate "2021.11.30"]
[SourceVersion "1"]
[SourceVersionDate "2021.11.30"]
[SourceQuality "1"]

1. e4 c5 2. Nf3 Nc6 3. g3 e6 4. Bg2 Nf6 5. Nc3 d6 6. 0-0 Be7 7. d4 cxd4 8. Nxd4 0-0 9. Nxc6 bxc6 10. e5 dxe5 11. Bxc6 Rb8 12. Qe2 Qc7 13. Bg2 Rb6 14. Re1 Nd7 15. Na4 Ba6 16. Qh5 g6 17. Qd1 Rd6 18. Bd2 Rd4 19. c3 Rd6 20. Qc2 Bd3 21. Qc1 Rd8 22. b3 Bb5 23. Nb2 Nc5 24. Bh6 Nd3 25. Nxd3 Rxd3 26. c4 Bc6 27. Bxc6 Qxc6 28. Qc2 Qf3 29. Qe2 Bc5 30. Qxf3 Rxf3 31. Re2 f6 32. h4 Kf7 33. Kg2 Rfd3 34. Rc1 Ba3 35. Rcc2 Bc5 36. Rcd2 Rxd2 37. Rxd2 Rxd2 38. Bxd2 f5 39. Be3 Bd4 40. Kf1 Ke7 41. Ke2 Kd6 42. Kd3 Kc5 43. a3 e4+ 44. Kd2 Bxe3+ 45. fxe3 e5 46. Kc3 a5 47. b4+ Kc6 48. bxa5 Kc5 49. a4 h6 50. Kd2 g5 51. hxg5 hxg5 52. Ke2 Kc6 53. Kf2 Kc5 54. Ke2 Kc6 55. Kd2 Kc5 56. Kc3 g4 57. Kd2 Kc6 58. a6 Kb6 59. c5+ Kxa6 60. Ke2 Ka5 61. Kf2 Ka6 62. Ke2 Ka5 63. Kf1 Ka6 64. Kf2 Ka5 65. Kg2 Ka6 66. Kf2 Ka5 67. Ke1 Ka6 68. Kd2 Ka5 69. Ke2 Ka6 70. Kf2 1/2-1/2

[Event "Titled Tuesday intern op 04th May"]
[Site "Chess.com INT"]
[Date "2021.05.04"]
[Round "4"]
[White "Elgersma, Onno"]
[Black "Rzayev, Bahruz Iqbal Oglu"]
[Result "1-0"]
[WhiteElo "2298"]
[BlackElo "2333"]
[PlyCount "81"]
[EventDate "2021.05.04"]
[EventType "swiss (blitz)"]
[EventRounds "11"]
[EventCountry "USA"]
[SourceTitle "CBM 202 Extra"]
[Source "ChessBase"]
[SourceDate "2021.07.31"]
[SourceVersion "1"]
[SourceVersionDate "2021.07.31"]
[SourceQuality "1"]

1. Nf3 Nc6 2. e4 e5 3. Bb5 a6 4. Ba4 Nf6 5. d3 b5 6. Bb3 Bc5 7. Nc3 d6 8. a3 Bg4 9. Be3 Nd4 10. Bxd4 Bxd4 11. h3 Bxf3 12. Qxf3 0-0 13. 0-0 c6 14. Rab1 g6 15. Ne2 Bb6 16. a4 Kg7 17. Ra1 Nh5 18. g4 Nf6 19. Qg3 Qe7 20. Kg2 d5 21. axb5 axb5 22. Rxa8 Rxa8 23. f4 exf4 24. Nxf4 g5 25. Nh5+ Nxh5 26. gxh5 Rf8 27. Qf3 dxe4 28. dxe4 f6 29. Qf5 Re8 30. h6+ Kxh6 31. Qxf6+ Qxf6 32. Rxf6+ Kg7 33. Rxc6 Bd4 34. c3 Be3 35. Bd5 Rf8 36. Rc7+ Kg6 37. e5 Rf2+ 38. Kg3 h6 39. Be4+ Kh5 40. Rg7 Rf6 41. exf6 1-0

[Event "Titled Tuesday intern op 04th May"]
[Site "Chess.com INT"]
[Date "2021.05.04"]
[Round "1"]
[White "Hernandez Jimenez, Alexander Andres"]
[Black "Rzayev, Bahruz Iqbal Oglu"]
[Result "0-1"]
[WhiteElo "2145"]
[BlackElo "2333"]
[PlyCount "108"]
[EventDate "2021.05.04"]
[EventType "swiss (blitz)"]
[EventRounds "11"]
[EventCountry "USA"]
[SourceTitle "CBM 202 Extra"]
[Source "ChessBase"]
[SourceDate "2021.07.31"]
[SourceVersion "1"]
[SourceVersionDate "2021.07.31"]
[SourceQuality "1"]

1. e4 c5 2. Nf3 a6 3. d4 cxd4 4. Nxd4 Nf6 5. Nc3 e5 6. Nde2 Nc6 7. g3 Bb4 8. Bg2 0-0 9. 0-0 d6 10. Bg5 h6 11. Bxf6 Qxf6 12. Nd5 Qg6 13. Nxb4 Nxb4 14. Nc3 Bg4 15. f3 Bd7 16. Qd2 Rac8 17. Rad1 Rfd8 18. a3 Nc6 19. Qxd6 Qxd6 20. Rxd6 Nd4 21. Rf2 Bc6 22. Rxd8+ Rxd8 23. f4 f6 24. fxe5 fxe5 25. Nd5 Bd7 26. c3 Nc6 27. Bf1 Be6 28. Bc4 Kh8 29. Rd2 b5 30. Ba2 Na5 31. Kf2 g5 32. Ke3 Kg7 33. b4 Nb7 34. Bb1 Nd6 35. Bd3 Bf7 36. Be2 Bg6 37. Nc7 Rd7 38. Ne6+ Kf6 39. Nc5 Rd8 40. a4 Ke7 41. axb5 axb5 42. Ra2 Kf6 43. Ra6 Ke7 44. Rb6 h5 45. Bxb5 h4 46. Nb7 Nxb7 47. Rxb7+ Kf6 48. Rb6+ Kg7 49. Bc6 Rd1 50. Bd5 h3 51. Rd6 Rh1 52. b5 Rxh2 53. b6 Rb2 54. Rd7+ Kh6 0-1

[Event "Titled Tuesday intern op 04th May"]
[Site "Chess.com INT"]
[Date "2021.05.04"]
[Round "3"]
[White "Rzayev, Bahruz Iqbal Oglu"]
[Black "Quesada Perez, Yuniesky"]
[Result "0-1"]
[WhiteElo "2333"]
[BlackElo "2593"]
[PlyCount "104"]
[EventDate "2021.05.04"]
[EventType "swiss (blitz)"]
[EventRounds "11"]
[EventCountry "USA"]
[SourceTitle "CBM 202 Extra"]
[Source "ChessBase"]
[SourceDate "2021.07.31"]
[SourceVersion "1"]
[SourceVersionDate "2021.07.31"]
[SourceQuality "1"]

1. Nf3 d5 2. g3 Nf6 3. Bg2 c6 4. 0-0 Bf5 5. d3 h6 6. Nbd2 e6 7. Qe1 Be7 8. e4 Bh7 9. e5 Nfd7 10. Qe2 0-0 11. Re1 c5 12. h4 Nc6 13. Nf1 Rc8 14. Bf4 Nd4 15. Qd2 Qc7 16. c3 Nxf3+ 17. Bxf3 b5 18. Ne3 d4 19. Ng4 dxc3 20. bxc3 Kh8 21. Bxh6 gxh6 22. Qxh6 Rg8 23. Be4 Rg7 24. Nf6 Nf8 25. Nh5 Rg8 26. Nf6 Bxf6 27. Qxf6+ Rg7 28. Rab1 a6 29. a4 Bxe4 30. Rxe4 Rb8 31. axb5 axb5 32. h5 Kg8 33. Qf3 Nh7 34. Qe3 Qe7 35. d4 Ng5 36. Rh4 Nf3+ 37. Qxf3 Qxh4 38. dxc5 Qg4 39. Qc6 Qxh5 40. Qd6 Rf8 41. c6 Rh7 42. Kg2 Qh3+ 43. Kf3 Qf5+ 44. Kg2 Qe4+ 45. f3 Qxb1 46. c7 Qc2+ 47. Kg1 Qh2+ 48. Kf1 Qh1+ 49. Ke2 Rh2+ 50. Ke3 Qc1+ 51. Ke4 Re2+ 52. Kd3 Qd2# 0-1

[Event "Titled Tuesday intern op 20th Apr"]
[Site "Chess.com INT"]
[Date "2021.04.20"]
[Round "7"]
[White "Pichot, Alan"]
[Black "Rzayev, Bahruz Iqbal Oglu"]
[Result "1-0"]
[WhiteElo "2630"]
[BlackElo "2333"]
[PlyCount "51"]
[EventDate "2021.04.20"]
[EventType "swiss (blitz)"]
[EventRounds "11"]
[EventCountry "USA"]
[SourceTitle "CBM 202 Extra"]
[Source "ChessBase"]
[SourceDate "2021.07.31"]
[SourceVersion "1"]
[SourceVersionDate "2021.07.31"]
[SourceQuality "1"]

1. e4 c5 2. Nf3 a6 3. Nc3 b5 4. d4 cxd4 5. Nxd4 Bb7 6. Bd3 Nc6 7. Nxc6 Bxc6 8. 0-0 e6 9. Qe2 d6 10. a4 b4 11. Nd5 a5 12. Bb5 Rc8 13. Be3 exd5 14. Bxc6+ Rxc6 15. exd5 Rc7 16. Bb6+ Be7 17. Qb5+ Kf8 18. Qxa5 Nf6 19. Bxc7 Qc8 20. Bb6 Qb7 21. Rfd1 h5 22. Bd4 Nxd5 23. Qxd5 Qxd5 24. Bxg7+ Kxg7 25. Rxd5 Rc8 26. a5 1-0

[Event "Titled Tuesday intern op 20th Apr"]
[Site "Chess.com INT"]
[Date "2021.04.20"]
[Round "8"]
[White "Wagner, Dennis"]
[Black "Rzayev, Bahruz Iqbal Oglu"]
[Result "1/2-1/2"]
[WhiteElo "2581"]
[BlackElo "2333"]
[PlyCount "127"]
[EventDate "2021.04.20"]
[EventType "swiss (blitz)"]
[EventRounds "11"]
[EventCountry "USA"]
[SourceTitle "CBM 202 Extra"]
[Source "ChessBase"]
[SourceDate "2021.07.31"]
[SourceVersion "1"]
[SourceVersionDate "2021.07.31"]
[SourceQuality "1"]

1. e4 c5 2. Nf3 Nc6 3. Bb5 d6 4. 0-0 Bd7 5. Re1 Nf6 6. c3 a6 7. Bxc6 Bxc6 8. d4 cxd4 9. cxd4 Bxe4 10. Nc3 d5 11. Bg5 e6 12. Nxe4 dxe4 13. Rxe4 Be7 14. Bxf6 Bxf6 15. Qb3 0-0 16. Qxb7 Rb8 17. Qxa6 Rxb2 18. a4 Qd5 19. Qd3 Ra8 20. Ree1 Rb4 21. Reb1 Bxd4 22. Nxd4 Rxd4 23. Qg3 h5 24. h3 Raxa4 25. Rxa4 Rxa4 26. Qb8+ Kh7 27. Rb5 Qd1+ 28. Kh2 f6 29. f3 e5 30. Qe8 Rh4 31. Rb7 Qd2 32. Rd7 Qg5 33. Rd8 Rd4 34. Rxd4 exd4 35. Qe4+ g6 36. Qxd4 h4 37. Qd7+ Kh6 38. Qd1 Qg3+ 39. Kg1 f5 40. Kf1 Qh2 41. Qd2+ f4 42. Qd4 Qg3 43. Qh8+ Kg5 44. Qe5+ Kh6 45. Qb8 Kg5 46. Qd8+ Kf5 47. Qf8+ Kg5 48. Qe7+ Kh6 49. Qd8 Kh5 50. Qf6 Kh6 51. Qe7 Kh5 52. Kg1 Kh6 53. Kf1 Kh5 54. Qe6 Kh6 55. Qg4 Qxg4 56. fxg4 g5 57. Ke2 Kg6 58. Kd3 Kf7 59. Kc4 Ke6 60. Kd4 Kd6 61. Ke4 Ke6 62. Kd4 Kd6 63. Ke4 Ke6 64. Kd4 1/2-1/2

[Event "Titled Tuesday intern op 30th Mar"]
[Site "Chess.com INT"]
[Date "2021.03.30"]
[Round "4"]
[White "Anton Guijarro, David"]
[Black "Rzayev, Bahruz Iqbal Oglu"]
[Result "1-0"]
[WhiteElo "2673"]
[BlackElo "2333"]
[PlyCount "122"]
[EventDate "2021.03.30"]
[EventType "swiss (blitz)"]
[EventRounds "11"]
[EventCountry "USA"]
[SourceTitle "CBM 201 Extra"]
[Source "ChessBase"]
[SourceDate "2021.05.31"]
[SourceVersion "1"]
[SourceVersionDate "2021.05.31"]
[SourceQuality "1"]

1. Nf3 Nc6 2. d4 d5 3. Bf4 Bg4 4. Nbd2 e6 5. e3 Bd6 6. Bxd6 cxd6 7. Be2 Nf6 8. h3 Bh5 9. 0-0 0-0 10. a3 e5 11. c3 Rc8 12. Ne1 Bxe2 13. Qxe2 Re8 14. Qd1 Ne4 15. Nd3 Qg5 16. Nb4 Nxd2 17. Qxd2 e4 18. Qe2 Re6 19. f4 exf3 20. Qxf3 Qxe3+ 21. Qxe3 Rxe3 22. Nxd5 Re2 23. Rf2 Rce8 24. Kf1 Rxf2+ 25. Kxf2 Na5 26. Nc7 Re7 27. Nb5 Nc4 28. b3 Nd2 29. Nxd6 Nxb3 30. Re1 Kf8 31. Rxe7 Kxe7 32. Nxb7 Kd7 33. Ke3 Kc7 34. Nc5 Nxc5 35. dxc5 Kc6 36. Kd4 a5 37. a4 f5 38. h4 g6 39. Kc4 h6 40. g3 g5 41. h5 f4 42. gxf4 gxf4 43. Kd4 f3 44. Ke3 Kxc5 45. Kxf3 Kc4 46. Kf4 Kxc3 47. Kf5 Kb4 48. Kg6 Kxa4 49. Kxh6 Kb3 50. Kg5 a4 51. h6 a3 52. h7 Kb2 53. h8Q+ Kb1 54. Qh1+ Kb2 55. Qg2+ Kb1 56. Qf1+ Kb2 57. Qe2+ Kb1 58. Qe1+ Kb2 59. Qb4+ Ka2 60. Kf4 Ka1 61. Qxa3+ Kb1 1-0

[Event "Titled Tuesday intern op 7th April"]
[Site "Chess.com INT"]
[Date "2020.04.07"]
[Round "5"]
[White "Caruana, Fabiano"]
[Black "Rzayev, Bahruz Iqbal Oglu"]
[Result "1-0"]
[WhiteElo "2835"]
[BlackElo "2333"]
[PlyCount "65"]
[EventDate "2020.04.07"]
[EventType "swiss (blitz)"]
[EventRounds "10"]
[EventCountry "USA"]
[SourceTitle "EXT 2021"]
[Source "ChessBase"]
[SourceDate "2020.10.23"]
[SourceVersion "1"]
[SourceVersionDate "2020.10.23"]
[SourceQuality "1"]

1. e4 c5 2. Nf3 a6 3. c4 Nc6 4. d4 cxd4 5. Nxd4 e5 6. Nc2 Nf6 7. Nc3 Bc5 8. Be2 h6 9. 0-0 d6 10. Be3 0-0 11. Qd2 Be6 12. b3 Qa5 13. Rfd1 Rfd8 14. h3 Bxe3 15. Qxe3 Nb4 16. Nxb4 Qxb4 17. Rd2 b5 18. cxb5 axb5 19. Bxb5 Rac8 20. Bc4 Bxc4 21. bxc4 Rxc4 22. Rd3 Nxe4 23. Rb1 Qa5 24. Nxe4 d5 25. Ng3 e4 26. Rdd1 Qxa2 27. Nf5 Qa6 28. Rb6 Qa4 29. Rdb1 Qd7 30. Rd6 Qc7 31. Qg3 g6 32. Rxd8+ Qxd8 33. Rb8 1-0

[Event "Titled Tuesday intern op 7th April"]
[Site "Chess.com INT"]
[Date "2020.04.07"]
[Round "8"]
[White "Donchenko, Alexander"]
[Black "Rzayev, Bahruz Iqbal Oglu"]
[Result "1-0"]
[WhiteElo "2646"]
[BlackElo "2333"]
[PlyCount "133"]
[EventDate "2020.04.07"]
[EventType "swiss (blitz)"]
[EventRounds "10"]
[EventCountry "USA"]
[SourceTitle "EXT 2021"]
[Source "ChessBase"]
[SourceDate "2020.10.23"]
[SourceVersion "1"]
[SourceVersionDate "2020.10.23"]
[SourceQuality "1"]

1. Nf3 Nc6 2. c4 e5 3. Nc3 Nf6 4. e3 Bb4 5. Qc2 0-0 6. Nd5 Bc5 7. Ng5 g6 8. Nxf6+ Qxf6 9. Ne4 Qe7 10. Nxc5 Qxc5 11. a3 a5 12. Bd3 d5 13. cxd5 Qxd5 14. Be4 Qd6 15. b3 f5 16. Bd3 Be6 17. Bb2 Rfd8 18. Bb5 Bd5 19. 0-0 Bxg2 20. Bc4+ Bd5 21. f4 Bxc4 22. Qxc4+ Qd5 23. Bc3 exf4 24. Qxf4 Re8 25. Qh6 Ne5 26. Rf4 Re7 27. Raf1 Ra6 28. Rd4 Qf7 29. Kh1 Re8 30. e4 Ng4 31. Qf4 Rf6 32. Rc4 Rc6 33. Rxc6 bxc6 34. exf5 gxf5 35. Qg5+ Qg6 36. Rxf5 Rf8 37. Qxg6+ hxg6 38. Rxf8+ Kxf8 39. Bxa5 Ne5 40. Bxc7 Nf3 41. Bf4 Nd4 42. b4 Ke7 43. a4 Kd7 44. Be3 Nc2 45. Bc5 Ne1 46. Kg1 Nf3+ 47. Kg2 Nxd2 48. Kg3 Ne4+ 49. Kf4 Nd2 50. h4 Kc7 51. a5 Kb7 52. Kg4 Ka6 53. Be7 Kb5 54. Kg5 c5 55. bxc5 Nf3+ 56. Kxg6 Kxa5 57. h5 Ne5+ 58. Kg7 Ng4 59. h6 Kb5 60. h7 Nh6 61. Kxh6 Kc6 62. h8Q Kd7 63. Qe5 Ke8 64. Bh4+ Kf7 65. Qf6+ Kg8 66. Qe7 Kh8 67. Qe8# 1-0

[Event "Marmaris Karya IM 8th"]
[Site "Marmaris"]
[Date "2019.07.31"]
[Round "5.1"]
[White "Dedebas, Emre Emin"]
[Black "Rzayev, Bahruz Iqbal Oglu"]
[Result "0-1"]
[WhiteElo "2301"]
[BlackElo "2340"]
[PlyCount "138"]
[EventDate "2019.07.29"]
[EventType "schev"]
[EventRounds "10"]
[EventCountry "TUR"]
[SourceTitle "CBM 191 Extra"]
[Source "ChessBase"]
[SourceDate "2019.09.30"]
[SourceVersion "1"]
[SourceVersionDate "2019.09.30"]
[SourceQuality "1"]
[WhiteTeam "Blue Team"]
[BlackTeam "Turkuaz"]
[WhiteTeamCountry "TUR"]
[BlackTeamCountry "TUR"]

1. d4 Nf6 2. Nf3 c5 3. d5 b5 4. Bg5 Qb6 5. e3 Bb7 6. Nc3 b4 7. Na4 Qa5 8. Bxf6 exf6 9. c3 d6 10. Be2 Be7 11. 0-0 f5 12. Qb3 0-0 13. a3 Rc8 14. axb4 cxb4 15. Rfd1 Na6 16. Bxa6 Bxa6 17. cxb4 Qb5 18. Nd4 Qc4 19. Qxc4 Bxc4 20. Nxf5 Bf8 21. Nc3 Rab8 22. Ne4 Bb3 23. Rd4 Rc4 24. Nd2 Rxd4 25. Nxd4 Bxd5 26. b5 Rb7 27. f3 g6 28. Ra5 Be6 29. Ne4 d5 30. Nc3 Bb4 31. Ra6 Bc5 32. Rc6 Bb6 33. Kf2 Bd7 34. Rd6 Bxd4 35. exd4 Bxb5 36. Nxd5 Bc4 37. Ne3 Rxb2+ 38. Kg3 Bb5 39. Rd8+ Kg7 40. Rb8 a6 41. h4 Rd2 42. d5 Rd4 43. Rb6 h5 44. f4 Bd3 45. Rb7 a5 46. Ra7 a4 47. Ra5 Be4 48. f5 gxf5 49. Ra6 Bd3 50. Ra5 Kg6 51. Kf3 f6 52. g3 Bb1 53. Ke2 Be4 54. Ra7 Rb4 55. Kd2 Rb2+ 56. Ke1 Bf3 57. Kf1 Be2+ 58. Kf2 Bb5+ 59. Kg1 Rb3 60. Kf2 a3 61. Ng2 Rb2+ 62. Kf3 a2 63. Nf4+ Kh6 64. d6 Bc4 65. Ke3 Rb6 66. d7 Rd6 67. Ne2 Rxd7 68. Ra4 Re7+ 69. Kd4 Rxe2 0-1

[Event "TUR-chT 2nd League"]
[Site "Konya"]
[Date "2019.07.26"]
[Round "7.15"]
[White "Sevdimaliyev, Urfan"]
[Black "Rzayev, Bahruz Iqbal Oglu"]
[Result "1/2-1/2"]
[WhiteElo "2370"]
[BlackElo "2340"]
[PlyCount "28"]
[EventDate "2019.07.22"]
[EventType "team-swiss"]
[EventRounds "9"]
[EventCountry "TUR"]
[SourceTitle "CBM 191 Extra"]
[Source "ChessBase"]
[SourceDate "2019.09.30"]
[SourceVersion "1"]
[SourceVersionDate "2019.09.30"]
[SourceQuality "1"]
[WhiteTeam "Seviye Dernegi"]
[BlackTeam "Kahramanmaras Ustad"]
[WhiteTeamCountry "TUR"]
[BlackTeamCountry "TUR"]

1. e4 e5 2. Nf3 Nc6 3. Nc3 Nf6 4. d4 exd4 5. Nxd4 Bb4 6. Nxc6 bxc6 7. Bd3 d5 8. exd5 cxd5 9. 0-0 0-0 10. Bg5 c6 11. Qf3 Rb8 12. Qg3 Bd7 13. Bxf6 Qxf6 14. Ne2 Bd6 1/2-1/2

[Event "TUR-chT 2nd League"]
[Site "Konya"]
[Date "2019.07.25"]
[Round "6.15"]
[White "Rzayev, Bahruz Iqbal Oglu"]
[Black "Morchiashvili, Bachana"]
[Result "1/2-1/2"]
[WhiteElo "2340"]
[BlackElo "2335"]
[PlyCount "61"]
[EventDate "2019.07.22"]
[EventType "team-swiss"]
[EventRounds "9"]
[EventCountry "TUR"]
[SourceTitle "CBM 191 Extra"]
[Source "ChessBase"]
[SourceDate "2019.09.30"]
[SourceVersion "1"]
[SourceVersionDate "2019.09.30"]
[SourceQuality "1"]
[WhiteTeam "Kahramanmaras Ustad"]
[BlackTeam "Altin Hamle Corum"]
[WhiteTeamCountry "TUR"]
[BlackTeamCountry "TUR"]

1. e4 c5 2. Nf3 e6 3. b3 b6 4. c4 Bb7 5. Nc3 Nf6 6. d3 Nc6 7. h3 d5 8. Bf4 dxe4 9. dxe4 Qxd1+ 10. Rxd1 Nd4 11. Bd3 Nxf3+ 12. gxf3 Be7 13. Ke2 0-0 14. Bc2 Rfd8 15. Bc7 Rdc8 16. Bd6 Bxd6 17. Rxd6 Rd8 18. Rhd1 Rxd6 19. Rxd6 Kf8 20. e5 Ke7 21. Be4 Nxe4 22. Nxe4 Bxe4 23. fxe4 f6 24. Rc6 Kd7 25. Rd6+ Ke7 26. Rc6 Kd7 27. Rd6+ Ke7 28. Rc6 Kd7 29. Rd6+ Ke7 30. Rc6 Kd7 31. Rd6+ 1/2-1/2

[Event "Titled Tuesday intern op 2nd July"]
[Site "Chess.com INT"]
[Date "2019.07.02"]
[Round "4"]
[White "Abasov, Nijat Azad"]
[Black "Rzayev, Bahruz Iqbal Oglu"]
[Result "1-0"]
[WhiteElo "2641"]
[BlackElo "2340"]
[PlyCount "99"]
[EventDate "2019.07.02"]
[EventType "swiss (blitz)"]
[EventRounds "10"]
[EventCountry "USA"]
[SourceTitle "EXT 2021"]
[Source "ChessBase"]
[SourceDate "2020.10.23"]
[SourceVersion "1"]
[SourceVersionDate "2020.10.23"]
[SourceQuality "1"]

1. e4 c5 2. c3 Nf6 3. e5 Nd5 4. Nf3 e6 5. d4 cxd4 6. cxd4 d6 7. Bc4 Nc6 8. 0-0 dxe5 9. dxe5 Be7 10. Bd2 0-0 11. Nc3 Nxc3 12. Bxc3 Qxd1 13. Rfxd1 Rd8 14. Nd2 Bb4 15. Bxb4 Nxb4 16. Ne4 Bd7 17. Nd6 Bc6 18. a3 Nd5 19. Bxd5 Bxd5 20. Rac1 Rd7 21. f4 h5 22. Kf2 Rad8 23. g3 Bc6 24. Ke3 Bd5 25. Rd4 g6 26. Rc3 Bc6 27. b3 Bd5 28. b4 Kf8 29. b5 Ke7 30. a4 Kf8 31. a5 Kg7 32. Rd2 h4 33. g4 f6 34. g5 fxe5 35. fxe5 Rf8 36. Rf2 Rh8 37. h3 a6 38. b6 Bc6 39. Rf6 Re7 40. Kf4 Rh7 41. Kg4 Rh8 42. Rc1 Rd8 43. Rcf1 Rdd7 44. R1f4 Rd8 45. Kxh4 Kg8 46. Rxg6+ Rg7 47. Rxg7+ Kxg7 48. Rf7+ Kg6 49. Rf6+ Kg7 50. Kg4 1-0

[Event "Cesme op-A 7th"]
[Site "Cesme"]
[Date "2019.06.25"]
[Round "3.14"]
[White "Erdogan, Anil Berk"]
[Black "Rzayev, Bahruz Iqbal Oglu"]
[Result "1/2-1/2"]
[WhiteElo "2087"]
[BlackElo "2340"]
[PlyCount "67"]
[EventDate "2019.06.24"]
[EventType "swiss"]
[EventRounds "9"]
[EventCountry "TUR"]
[SourceTitle "CBM 191 Extra"]
[Source "ChessBase"]
[SourceDate "2019.09.30"]
[SourceVersion "1"]
[SourceVersionDate "2019.09.30"]
[SourceQuality "1"]

1. e4 c5 2. Nf3 e6 3. d4 cxd4 4. Nxd4 a6 5. Nc3 Qc7 6. g3 Bb4 7. Bd2 Nf6 8. Bg2 Nc6 9. Nb3 0-0 10. 0-0 Rd8 11. a3 Be7 12. Qe2 b5 13. Nd5 exd5 14. exd5 Re8 15. dxc6 dxc6 16. Ba5 Qd7 17. Rad1 Nd5 18. Qd3 Bb7 19. c4 bxc4 20. Qxc4 Rac8 21. Rfe1 Bf8 22. Nc5 Bxc5 23. Qxc5 Rxe1+ 24. Rxe1 Re8 25. Rxe8+ Qxe8 26. Qa7 Qa8 27. Qxa8+ Bxa8 28. Bxd5 cxd5 29. Kf1 Kf8 30. Ke2 Ke7 31. Ke3 Bc6 32. Kd4 Ke6 33. Bc3 g5 34. h4 1/2-1/2

[Event "Cesme op-A 7th"]
[Site "Cesme"]
[Date "2019.06.24"]
[Round "1.15"]
[White "Yasin, Hur"]
[Black "Rzayev, Bahruz Iqbal Oglu"]
[Result "0-1"]
[WhiteElo "1953"]
[BlackElo "2340"]
[PlyCount "126"]
[EventDate "2019.06.24"]
[EventType "swiss"]
[EventRounds "9"]
[EventCountry "TUR"]
[SourceTitle "CBM 191 Extra"]
[Source "ChessBase"]
[SourceDate "2019.09.30"]
[SourceVersion "1"]
[SourceVersionDate "2019.09.30"]
[SourceQuality "1"]

1. e4 e5 2. Nf3 Nc6 3. d4 exd4 4. Bc4 Nf6 5. 0-0 Nxe4 6. Re1 d5 7. Bxd5 Qxd5 8. Nc3 Qa5 9. Nxe4 Be6 10. Bg5 h6 11. Bh4 g5 12. Nf6+ Ke7 13. Nxd4 Rd8 14. Nxc6+ bxc6 15. Qf3 gxh4 16. Nh5 Qg5 17. Re4 Bg7 18. Rae1 Rd4 19. Nf4 Qf5 20. Rxd4 Bxd4 21. Nxe6 Bxf2+ 22. Kxf2 Qxf3+ 23. Kxf3 fxe6 24. Re4 Rf8+ 25. Ke2 Rg8 26. Kf2 h3 27. g4 Rg5 28. Kg3 Ra5 29. a3 Rc5 30. Re2 h5 31. Kxh3 Kf6 32. gxh5 Rxh5+ 33. Kg4 Rg5+ 34. Kf4 e5+ 35. Kf3 Rf5+ 36. Ke3 Rh5 37. Rf2+ Ke6 38. Ke4 Rh3 39. Rg2 Rh4+ 40. Kf3 Kf5 41. Rf2 Rh7 42. Kg3+ Ke4 43. Re2+ Kf5 44. h4 e4 45. Rf2+ Ke5 46. Rh2 Rh5 47. Kg4 Rh8 48. h5 Rg8+ 49. Kh4 e3 50. h6 Kf4 51. Kh5 Kg3 52. Rh1 Kg2 53. Rh4 e2 54. Re4 Kf2 55. h7 Rh8 56. Kg6 e1Q 57. Rxe1 Kxe1 58. Kg7 Rd8 59. h8Q Rxh8 60. Kxh8 Kd2 61. c4 Kc2 62. Kg7 Kxb2 63. Kf6 Kxa3 0-1